Encyclopedia Tareek e Pakistan (Record no. 609184)
[ view plain ]
| 000 -LEADER | |
|---|---|
| fixed length control field | 00271nam a22001097a 4500 |
| 040 ## - CATALOGING SOURCE | |
| Transcribing agency | SCME |
| 100 ## - MAIN ENTRY--PERSONAL NAME | |
| Personal name | Asad Saleem Sheikh |
| 9 (RLIN) | 21008 |
| 245 ## - TITLE STATEMENT | |
| Title | Encyclopedia Tareek e Pakistan |
| 260 ## - PUBLICATION, DISTRIBUTION, ETC. | |
| Place of publication, distribution, etc. | Lahore |
| Name of publisher, distributor, etc. | Sang-E-Meel Publication |
| Date of publication, distribution, etc. | 1999 |
| 300 ## - PHYSICAL DESCRIPTION | |
| Extent | 1271p. |
| 942 ## - ADDED ENTRY ELEMENTS (KOHA) | |
| Source of classification or shelving scheme | |
| Koha item type | Encyclopedia |
| Withdrawn status | Lost status | Source of classification or shelving scheme | Damaged status | Not for loan | Permanent Location | Current Location | Date acquired | Total Checkouts | Full call number | Barcode | Date last seen | Price effective from | Koha item type |
|---|---|---|---|---|---|---|---|---|---|---|---|---|---|
| School of Chemical & Materials Engineering (SCME) | School of Chemical & Materials Engineering (SCME) | 05/20/2024 | 954.91 S1591E | SCME-3718 | 05/20/2024 | 05/20/2024 | Encyclopedia |
